000 00619nam a22002297a 4500
003 UA-OsUOA
001 90524
007 ta
008 20121117b un ||||| |||| 00| 0 ukr d
100 _aМогильовський В.
090 _a821.161.2
_bМ74
942 _cBK
040 _aUA-OsUOA
_bukr
_cUA-OsUOA
_dUA-OsUOA
245 _aВід задму до втілення
300 _a174 с.
955 _a3
041 _aukr
080 _a821.161.2
260 _aК.
_bРадянська школа
_c1989
650 7 _a82 Література. Літературознавство
_2UDC
999 _c376799
_d376799